[Event "Longueuil Coupe Confrontation"]
[Site "Longueuil"]
[Date "1991.02.??"]
[Round "2"]
[White "Nunez, Omar"]
[Black "Corbeil, Marc"]
[Result "0-1"]
[WhiteElo "1801"]
[BlackElo "1824"]
[PlyCount "82"]
[EventDate "1991.02.??"]
[EventType "swiss"]
[EventRounds "5"]
[EventCountry "CAN"]
[SourceTitle "EXT 2022"]
[Source "ChessBase"]
[SourceDate "2021.10.06"]
[SourceVersion "1"]
[SourceVersionDate "2021.10.06"]
[SourceQuality "1"]

1. c4 Nf6 2. Nc3 g6 3. g3 Bg7 4. Bg2 0-0 5. Nf3 d5 6. cxd5 Nxd5 7. 0-0 Nc6 8. Qc2 Nb6 9. a3 Ne5 10. d4 Nxf3+ 11. Bxf3 Qxd4 12. Nb5 Qc4 13. Qxc4 Nxc4 14. Nxc7 Rb8 15. Ra2 Bh3 16. Re1 Rfd8 17. Nd5 Ne5 18. Bh1 Kf8 19. b3 Nc6 20. Bf4 Rbc8 21. Bg5 h6 22. Be3 Nd4 23. Nf4 Bf5 24. Bxd4 Bxd4 25. Bxb7 Rb8 26. e4 Be6 27. Nxe6+ fxe6 28. Ba6 Rxb3 29. Bc4 Rb6 30. Ree2 e5 31. Kg2 g5 32. h3 e6 33. g4 Ke7 34. Rec2 Rf8 35. a4 Kd6 36. a5 Rb4 37. f3 Rb1 38. Bf1 Rfb8 39. Rc4 Re1 40. Re2 Rd1 41. Rec2 Rbb1 0-1